A Comprehensive Textbook on Nursing Management (Record no. 1603)

MARC details
000 -LEADER
Fixed length control field 00637nam a2200229Ia 4500
003 - CONTROL NUMBER IDENTIFIER
Control field IIN
005 - DATE AND TIME OF LATEST TRANSACTION
Control field 20240102124923.0
008 - FIXED-LENGTH DATA ELEMENTS--GENERAL INFORMATION
Fixed length control field 231217s9999 xx 000 0 und d
020 ## - INTERNATIONAL STANDARD BOOK NUMBER / ISBN
Price Rs.1075.00
International Standard Book Number 9789381579268
040 ## - CATALOGING SOURCE
Original cataloging agency IIN
Language of cataloging English
082 ## - DEWEY DECIMAL CLASSIFICATION NUMBER
Classification number 610.7
Book Number DEE
100 1# - MAIN ENTRY--PERSONAL NAME
Personal name Deepak,K
245 1# - TITLE STATEMENT
Title A Comprehensive Textbook on Nursing Management
Statement of responsibility Deepak K., Sarath Chandran.C & Mithun Kumar B.P.
250 ## - EDITION STATEMENT
Edition statement 2nd ed
260 ## - IMPRINT
Name of publisher EMMESS
Place of publication Bangalore
Date of publication 2022
300 ## - PHYSICAL DESCRIPTION
Page / Vol. No xii, 530p.
500 ## - GENERAL NOTE
General note Including index
650 ## - SUBJECT ADDED ENTRY--TOPICAL TERM
Topical term Management
Form subdivision nursing
700 1# - ADDED ENTRY--PERSONAL NAME
Personal name Sarath, Chandran.C
700 1# - ADDED ENTRY--PERSONAL NAME
Personal name Mithun, Kumar B.P.
942 ## - ADDED ENTRY ELEMENTS (KOHA)
Koha item type Books
Holdings
Withdrawn status Lost status Damaged status Not for loan Collection code Home library Current library Date acquired Price Total Checkouts Call number Accession number Date last seen Price effective from Koha item type Source of classification Shelving location
          IDEAL INSTITUTE OF NURSING IDEAL INSTITUTE OF NURSING 17/12/2023 1075.00   610.7 DEE 1597 17/12/2023 17/12/2023 Books    
          IDEAL INSTITUTE OF NURSING IDEAL INSTITUTE OF NURSING 17/12/2023 1075.00   610.7 DEE 1598 17/12/2023 17/12/2023 Books    
          IDEAL INSTITUTE OF NURSING IDEAL INSTITUTE OF NURSING 17/12/2023 1075.00   610.7 DEE 1599 17/12/2023 17/12/2023 Books    
        Purches Book IDEAL INSTITUTE OF NURSING IDEAL INSTITUTE OF NURSING 24/04/2024 1150.00   610.7 DEE 1729 15/06/2024 24/04/2024 Books Dewey Decimal Classification  
        Purches Book IDEAL INSTITUTE OF NURSING IDEAL INSTITUTE OF NURSING 24/04/2024 1150.00   610.7 DEE 1730 15/06/2024 24/04/2024 Books Dewey Decimal Classification  
        Purches Book IDEAL INSTITUTE OF NURSING IDEAL INSTITUTE OF NURSING 24/04/2024 1150.00   610.7 DEE 1731 15/06/2024 24/04/2024 Books Dewey Decimal Classification  
        Purches Book IDEAL INSTITUTE OF NURSING IDEAL INSTITUTE OF NURSING 11/03/2025     610.7 DEE 1842 03/04/2025 03/04/2025 Books Dewey Decimal Classification General Stacks
© Ideal Institute Of Nursing, All rights reserved.         Powered by Koha